000 01203nam a22003737a 4500
001 000015423
003 CHAP
005 20220817041432.0
008 971013s1972 r 00010 d
010 _a14385
011 _a15357
035 _a19432
040 _cCHAP
082 _a338.1
_bG58y
100 0 0 _aGittinger, J. Price.
_948217
245 0 _aEconomic analysis of agricultural projects.
260 _aBaltimore :
_bHopkins University,
_c1972.
300 _a221 p.
590 _aBATCH-UPD
_b10
_c20130110
_lUCH01
_h0208
590 _aBATCH-UPD
_b10
_c20130110
_lUCH01
_h1024
590 _aBATCH-UPD
_b10
_c20130409
_lUCH01
_h2222
590 _aBATCH-UPD
_b10
_c20130410
_lUCH01
_h1230
590 _aBATCH-UPD
_b10
_c20130914
_lUCH01
_h1148
590 _aCONVERSION
_b10
_c20130109
_lUCH01
_h1309
590 _aE11695DGD
_b10
_c20170725
_lUCH01
_h1002
650 1 4 _aDesarrollo económico.
650 1 4 _aPolítica agrícola.
_990283
710 0 _aBanco Internacional de Reconstrucción y Fomento.
_99848
710 0 _aInstituto de Desarrollo Económico.
_959113
901 _aBK
942 _cLIBRO
942 _n0
949 _a338.1 G58
_bBC
_cLIBRO
_d33724000343331
_eLIBRO
_h29897
_i19432
_si
_t45.00
999 _c14385
_d14385